Procurement principles and management

Bibliographic Details
Other Authors: Baily, Peter
Format: Book
Language:English
Published: harlow : Prentice Hall , 2008
Edition:10th.ed
Subjects:

MARC

LEADER 00000cam a2200000 7i4500
001 0000019468
005 20090611.0
008 090603s enka eng
020 |a 9780273713791 ,   |c 304.00 
040 |a INS 
090 0 0 |a HF5437   |b P76 2008 
245 0 0 |a Procurement principles and management   |c Peter Baily...[et.al] 
250 |a 10th.ed 
260 |a harlow :   |b Prentice Hall ,   |c 2008 
300 |a xv, 448p. :   |b ill. ;   |c 25cm. 
500 |a Includes index 
650 0 |a Industrial procurement   |x Management 
650 0 |a Purchasing   |x Management 
700 1 |a Baily, Peter 
999 |a 0000021030   |b BOOK   |c Open Shelf   |e Default branch